En el quinto centenario de Bartolomé de las Casas
שמור ב:
| פורמט: | ספר |
|---|---|
| שפה: | ספרדית |
| יצא לאור: |
Madrid
Cultura Hispánica
1986
|
| נושאים: | |
| תגים: |
הוספת תג
אין תגיות, היה/י הראשונ/ה לתייג את הרשומה!
|
MARC
| LEADER | 00000nam a2200000 a 4500 | ||
|---|---|---|---|
| 001 | UCY4318 | ||
| 003 | CL-VaPUC | ||
| 005 | 20200123181758.0 | ||
| 008 | 950309e19860000sp 1 spa d | ||
| 082 | 0 | 4 | |a 980.134 |b ENL |2 21 |
| 245 | 1 | 0 | |a En el quinto centenario de Bartolomé de las Casas |
| 260 | |a Madrid |b Cultura Hispánica |c 1986 | ||
| 300 | |a 234 p | ||
| 583 | |a last modification |c 19950309 00:00:00 |k Rodrigo Vera | ||
| 600 | 1 | 7 | |a CASAS, BARTOLOME DE LAS |2 CL-VaPUC |9 266671 |
| 942 | |c BK | ||
| 945 | |a aalvarez |d 19950309 00:00:00 | ||
| 546 | |a En Español | ||
| 518 | |p En el V Centenario de Bartolomé de las Casas, Febrero 12-14, 1985 | ||
| 999 | |c 382362 |d 382360 | ||
| 952 | |0 0 |1 0 |4 0 |6 980_134000000000000_ENL_1986 |7 0 |8 DER_HDC |9 504011 |a BIBDER |b BIBDER |d 2020-01-23 |i 3061663 |o 980.134 ENL 1986 |p 3061663 |r 2023-01-25 |w 2020-01-23 |x Ubicación 4to Piso |y BK |z Estos recursos deben solicitarse con anticipación |k DER | ||